Communauté d'agglomération Hénin-Carvin - Statistiques

Statistiques générales
  • Ce quiz a été pris 36 fois
  • Le résultat moyen est 10 sur 14
Réponses sur la Carte
Les réponses sont colorées sur une échelle allant du rouge au vert en fonction du pourcentage des utilisateurs qui les ont devinées à leur premier essai. Vous pouvez retrouver ces pourcentages ci-dessous.
 
Statistiques - réponses
Communes % Correct
Carvin
100%
Hénin Beaumont
100%
Noyelles Godault
94%
Libercourt
78%
Leforest
67%
Rouvroy
67%
Bois Bernard
61%
Courcelles lès Lens
61%
Courrières
61%
Dourges
61%
Drocourt
61%
Montigny en Gohelle
56%
Oignies
56%
Evin Malmaison
50%
Aucun quiz correspondant
Distribution des résultats
% des personnes avec chaque résultat
Percentile par nombre de réponses
Votre historique - résultats
Vous n’avez pas pris ce quiz